Normal view
MARC view
- Mehdi, Hasan
Entry Personal Name
001 - CONTROL NUMBER
- control field: 253
003 - CONTROL NUMBER IDENTIFIER
- control field: NUST
005 - DATE AND TIME OF LATEST TRANSACTION
- control field: 20170509171525.0
008 - FIXED-LENGTH DATA ELEMENTS
- fixed length control field: 170509|| aca||aabn | a|a d
040 ## - CATALOGING SOURCE
- Original cataloging agency: NUST
- Transcribing agency: NUST
100 ## - HEADING--PERSONAL NAME
- Personal name: Mehdi, Hasan
670 ## - SOURCE DATA FOUND
- Source citation: Work cat.: (NUST)23623: Mehdi, Hasan , Journalism for All, 5,Jan,1997
